[Event "Polugaevsky Memorial 2018"]
[Site "Samara"]
[Date "2018.07.15"]
[Round "6"]
[White "Mukhin, Alexander"]
[Black "Matinian, Nikita"]
[Result "0-1"]
[WhiteElo "2167"]
[BlackElo "2510"]
[Annotator "TA"]
[PlyCount "87"]
[EventDate "2018.07.10"]
[EventType "swiss"]
[EventCountry "RUS"]
[SourceTitle "playchess.com"]
[Source "ChessBase"]
[SourceQuality "1"]

{[%evp 19,87,0,0,-69,-77,-75,-67,-64,-94,-89,-28,-25,-19,-67,-79,-145,-131,-127,-118,-123,-105,-120,-105,-108,-65,-200,-65,-162,-163,-168,-226,-216,-150,-189,-139,-516,-516,-509,-516,-496,-509,-510,-507,-496,-498,-496,-496,-482,-463,-389,-379,-697,-618,-598,-422,-1415,-389,-12841,-12841,-12839,-12836,-12838,-12839,-12838,-12791,-29984,-29985,-29985,-29986,-29985]} 1. e4 c5 2. Nf3 d6 3. d4 cxd4 4. Qxd4 a6 5. c4 Nc6 6. Qd2 Nf6 7. Nc3 g6 8. b3 Bg7 9. Bb2 O-O 10. Be2 Bg4 {LiveBook: 66 Games. B53: Sicilian: 2...d6: Lines with Qxd4} 11. Nd4 (11. O-O $11) (11. O-O Qa5 12. Rfd1 Rfe8 13. h3 Bxf3 14. Bxf3 Rac8 15. a3 h5 16. Be2 Ne5 17. Qe3 Qc5 18. Qxc5 Rxc5 19. f4 Ned7 20. Bf3 {1-0 (50) Hamdouchi,H (2602)-Guliyev,N (2551) Nancy 2013}) 11... Nxd4 $15 12. Qxd4 Qa5 $146 {Strongly threatening ...Nxe4!Black is better.} ({Predecessor:} 12... Nd7 13. Qd2 Bxe2 14. Qxe2 Qa5 15. Rc1 b5 16. O-O e6 17. cxb5 axb5 {½-½ (26) Van Herck,M (2216)-Van den Brande,W (2248) Westerlo 2004}) 13. Rc1 Bxe2 14. Kxe2 Nh5 ({Black should play} 14... e6 $17 15. f3 Rfd8) 15. Qd2 $11 f5 {And now ...fxe4 would win.} 16. Rc2 fxe4 17. Nxe4 ({Better is} 17. Nd5 Qxd2+ 18. Rxd2) 17... Qf5 $17 18. f3 Bxb2 19. Rxb2 Nf4+ 20. Kd1 b5 21. Ng3 Qf7 (21... Qe5 {keeps more tension.} 22. Re1 Qg7 23. Rc2 Rac8 24. Re3 bxc4 25. bxc4 d5) 22. Rc2 {[#]} (22. cxb5 $1 $15 axb5 23. Kc2) 22... Rfc8 ({Black should try} 22... bxc4 $1 $19 23. Rxc4 Rac8) 23. Re1 (23. cxb5 $1 $15 axb5 24. Kc1) 23... bxc4 $19 24. Rxc4 Rxc4 25. bxc4 Rc8 26. Re3 Rxc4 $40 {[%mdl 128] aiming for ...Nxg2! Black has strong attack.} 27. Ne4 $2 {[%mdl 8192]} (27. Re4 $17 {is more resistant.}) 27... d5 28. g3 Nh3 29. Nf2 Nxf2+ 30. Qxf2 {[%mdl 4096] Endgame KQR-KQR} Qf6 31. Qd2 Rd4 32. Rd3 {[#]} Rxd3 $1 33. Qxd3 {KQ-KQ} Qa1+ 34. Ke2 Qxa2+ 35. Ke3 $2 (35. Kd1) 35... Qc4 36. Qa3 Kf7 37. h4 (37. Kd2 $142 Qd4+ 38. Ke2) 37... d4+ {[%cal Bd5d4,Bd4d3][%mdl 32]} 38. Kf4 $2 (38. Ke4) 38... d3+ 39. Ke3 Qd5 40. Kd2 Qxf3 41. Qa2+ Kg7 {( -> ...Qe2+)} 42. Qxa6 Qe2+ 43. Kc3 Qe1+ 44. Kd4 {Precision: White = 20%, Black = 70%.} 0-1

[Event "Polugaevsky Memorial 2018"]
[Site "Samara"]
[Date "2018.07.15"]
[Round "6"]
[White "Dubinin, Alexander"]
[Black "Fakhrutdinov, Timur"]
[Result "1-0"]
[WhiteElo "2060"]
[BlackElo "2460"]
[Annotator "TA"]
[PlyCount "173"]
[EventDate "2018.07.10"]
[EventType "swiss"]
[EventCountry "RUS"]
[SourceTitle "playchess.com"]
[Source "ChessBase"]
[SourceQuality "1"]

{[%evp 25,173,9,13,12,23,24,24,17,18,12,21,0,16,14,22,7,19,20,20,17,37,0,0,0,2,0,0,-2,-2,-2,0,-2,0,0,0,0,0,0,0,0,0,10,39,35,21,24,39,59,58,58,43,51,137,107,140,144,181,174,191,191,182,180,193,192,190,190,191,184,181,179,160,170,162,149,201,206,211,195,281,281,281,281,279,247,249,256,258,221,221,221,221,221,241,230,225,112,112,103,425,367,381,366,357,353,409,409,408,400,400,402,402,340,340,340,406,350,546,571,541,535,543,536,677,668,687,637,625,589,762,738,883,874,768,695,836,828,2380,2301,29972,29973,29981,10321,29987,29988,29988,29989,29989,29990,29990,29991]} 1. e4 e5 2. Nf3 Nc6 3. Bc4 Bc5 4. c3 Nf6 5. d3 a6 6. Bb3 Ba7 7. O-O d6 8. Nbd2 {[%cal Bb1d2,Bd2f1,Bf1e3,Be3f5][%mdl 32]} O-O 9. h3 Be6 10. Re1 {C54: Giuoco Piano: 4 c3 Nf6, main lines with 5 d4 and 5 d3} (10. Bc2 d5 11. Ng5 Qe8 12. Ndf3 Rd8 13. Nxe6 fxe6 14. Qe2 Nh5 15. Kh2 Nf4 16. Bxf4 Rxf4 17. Rae1 Qf7 {½-½ (42) Aronian,L (2764)-Kramnik,V (2792) Paris 2018}) 10... Bxb3 11. Qxb3 Qd7 12. Nf1 h6 13. Be3 Rfe8 {LiveBook: 9 Games} 14. Rad1 Na5 15. Qc2 Bxe3 16. Nxe3 Nc6 17. Nf5 $146 ({Predecessor:} 17. Qb3 Na5 {0-1 (64) Sedina,E (2287)-Dragomirescu,A (2215) Mamaia 2016}) 17... d5 18. Qc1 dxe4 19. dxe4 Qe6 20. N3h4 Red8 21. Qe3 {Threatens to win with Nxg7!} Nh7 22. b3 Nf8 23. Qg3 {[%csl Gf5][%cal Rg3g7]} Qf6 $1 24. Ne3 Qg5 25. Qg4 Ne6 26. Nd5 Qxg4 27. hxg4 f6 28. Kf1 Kf7 29. Nf5 Rd7 30. Rd2 Rad8 31. Red1 Na7 {White must now prevent ...c6.} 32. Ke1 Nc5 33. f3 Nb5 34. a4 Na7 35. Nxc7 {Strongly threatening Rxd7+.} Rxd2 36. Rxd2 Rxd2 37. Kxd2 {And now b4 would win.} Nxb3+ $11 {[%mdl 4096] Endgame KNN-KNN} 38. Kd3 Na5 (38... Nc5+ $14 39. Kc4 Nxa4) 39. c4 $1 $16 N7c6 40. Kc3 $1 Nd8 41. Kb4 $1 {[%cal Rb4a5]} Nac6+ 42. Kc5 Na5 43. Ne3 Ke7 44. Kb6 Nb3 45. Nf5+ Kd7 46. Nxg7 Nd2 47. Nd5 Nxc4+ 48. Kc5 Nb2 49. Kb4 Nd3+ (49... Kd6 $16 50. Nxf6 Nd3+ 51. Kc4 Ne1) 50. Kc4 Ne1 {[#]} 51. Ne3 $1 (51. Nxf6+ $6 Ke7 $14) 51... b5+ (51... Nc6 $142 52. Kc3 Nd4) 52. axb5 $18 axb5+ 53. Kc3 ({Don't take} 53. Kxb5 Nd3 $18) 53... b4+ 54. Kxb4 {aiming for Kc3.} Nd3+ 55. Kc4 Nf4 56. Ngf5 Nf7 {[#]} 57. Kc3 $1 Ke6 58. Kd2 Ng6 59. Ng7+ Kd7 60. Nd5 (60. Nh5 $18 {has better winning chances.}) 60... Nh4 $16 61. Nxf6+ Ke7 $2 {[%mdl 8192]} (61... Kc6 $16 62. Nf5 Nxg2) 62. Nd5+ Kf8 63. Ne6+ Ke8 64. Ne3 Kd7 65. Ng7 Ng6 66. g3 Nf8 67. Nd5 Nh7 68. Ke3 Nd6 69. Ke2 Ng5 70. Nf5 Ndf7 (70... Nb5 {was called for.} 71. Ke3 (71. Nxh6 Nd4+ 72. Ke3 Ndxf3 $16) 71... Na3) 71. Nf6+ $18 Ke6 72. Ng8 Nd8 73. Ngxh6 Nc6 74. Ke3 Kf6 75. Nh4 Ne6 76. f4 Na5 77. g5+ Kg7 78. N6f5+ Kf7 79. Nd6+ Kg7 80. Kf3 Nb3 81. Kg4 Nec5 82. f5 {[%cal Bf4f5,Bf5f6][%mdl 32]} Nd4 83. Nf3 (83. f6+ $142 Kh7 84. Nf7 Kg8 85. g6 Kf8 86. Nh6 Ke8 87. g7 Kd7 88. f7) 83... Nd3 84. f6+ {White mates.} Kg6 85. Nh4+ Kh7 86. g6+ Kg8 87. Nhf5 {Precision: White = 81%, Black = 51%.} 1-0

[Event "Polugaevsky Memorial 2018"]
[Site "Samara"]
[Date "2018.07.16"]
[Round "7"]
[White "Shaposhnikov, Evgeny"]
[Black "Mokshanov, Alexey"]
[Result "1/2-1/2"]
[WhiteElo "2572"]
[BlackElo "2430"]
[Annotator "RC"]
[PlyCount "80"]
[EventDate "2018.07.10"]
[EventType "swiss"]
[EventCountry "RUS"]
[SourceTitle "playchess.com"]
[Source "ChessBase"]
[SourceQuality "1"]
[TimeControl "40/5400+30:1800+30"]

1. Nf3 {[%emt 0:00:00]} d5 {[%emt 0:00:00]} 2. d4 {[%emt 0:00:00]} Nf6 {[%emt 0:00:00]} 3. c4 {[%emt 0:00:00]} e6 {[%emt 0:00:04]} 4. Bg5 {[%emt 0:01:06]} c6 {[%emt 0:01:20]} 5. e3 {[%emt 0:04:28]} Qb6 {[%emt 0:07:38]} 6. Bxf6 {[%emt 0:04:50]} Qxb2 {[%emt 0:04:05]} 7. Bxg7 {[%emt 0:01:10]} Bxg7 {[%emt 0:00:06]} 8. Nbd2 {[%emt 0:00:07]} b6 {[%emt 0:08:34]} 9. Be2 {[%emt 0:02:52]} O-O {[%emt 0:09:04]} 10. O-O {[%emt 0:00:08]} Qa3 {[%emt 0:00:24]} 11. Ne5 {[%emt 0:14:49]} Ba6 {[%emt 0:09:14]} 12. cxd5 {[%emt 0:02:17]} cxd5 {[%emt 0:01:19]} 13. Bxa6 {[%emt 0:05:25]} Nxa6 {[%emt 0:01:03]} 14. Qg4 {[%emt 0:01:01]} Qe7 {[%emt 0:01:43]} 15. a4 {[%emt 0:11:37]} Nb4 {[%emt 0:23:57]} 16. a5 {[%emt 0:03:43]} b5 {[%emt 0:01:24]} 17. a6 {[%emt 0:05:02]} Qd6 {[%emt 0:04:15]} 18. Rfb1 {[%emt 0:03:40]} Rab8 {[%emt 0:07:05]} 19. Qe2 {[%emt 0:10:05]} Rfc8 {[%emt 0:09:31]} 20. g3 {[%emt 0:11:05]} Nc2 {[%emt 0:04:25]} 21. Ra5 {[%emt 0:01:51]} Na3 {[%emt 0:01:56]} 22. Rb3 {[%emt 0:00:51]} Nc4 {[%emt 0:00:23]} 23. Raxb5 {[%emt 0:02:32]} Rxb5 {[%emt 0:00:05]} 24. Rxb5 {[%emt 0:04:14]} Nxd2 {[%emt 0:00:14]} 25. Qxd2 {[%emt 0:00:38]} Bxe5 {[%emt 0:00:29]} 26. dxe5 {[%emt 0:00:05]} Qxe5 {[%emt 0:00:03]} 27. Rb4 {[%emt 0:01:36]} Rc4 {[%emt 0:01:22]} 28. Rb1 {[%emt 0:02:19]} Rc6 {[%emt 0:03:10]} 29. Qe2 {[%emt 0:01:03]} Qe4 {[%emt 0:00:46]} 30. Rb8+ Kg7 31. Qb2+ {[%emt 0:01:34]} e5 {[%emt 0:00:23]} 32. Qa3 {[%emt 0:00:55]} Kg6 {[%emt 0:00:49]} 33. Rg8+ {[%emt 0:00:24]} Kf6 {[%emt 0:00:08]} 34. Re8 {[%emt 0:01:40]} Qb1+ {[%emt 0:00:15]} 35. Kg2 {[%emt 0:00:05]} Qe4+ {[%emt 0:00:00]} 36. Kg1 {[%emt 0:01:55]} Qb1+ {[%emt 0:00:02]} 37. Kg2 {[%emt 0:00:04]} Qe4+ {[%emt 0:00:02]} 38. Kg1 {[%emt 0:00:05]} Qb1+ {[%emt 0:00:02]} 39. Kg2 {[%emt 0:00:04]} Qe4+ {[%emt 0:00:02]} 40. Kg1 {[%emt 0:00:00]} Qb1+ {[%emt 0:00:00]} 1/2-1/2

[Event "Polugaevsky Memorial 2018"]
[Site "Samara"]
[Date "2018.07.16"]
[Round "7"]
[White "Frolyanov, Dmitry"]
[Black "Tsybikov, Tumen"]
[Result "1/2-1/2"]
[WhiteElo "2540"]
[BlackElo "2240"]
[Annotator "TA"]
[PlyCount "81"]
[EventDate "2018.07.10"]
[EventType "swiss"]
[EventCountry "RUS"]
[SourceTitle "playchess.com"]
[Source "ChessBase"]
[SourceQuality "1"]

{[%evp 20,81,45,14,20,22,21,8,50,28,29,0,-6,0,81,89,62,77,100,112,100,91,175,164,131,150,170,149,305,288,283,278,322,290,302,316,282,247,240,0,30,61,76,0,0,0,0,0,0,0,0,0,0,0,0,0,0,0,0,0,0,0,0,0]} 1. e4 c5 2. Nf3 d6 3. d4 cxd4 4. Nxd4 Nf6 5. Nc3 a6 6. Bg5 Nbd7 7. Qe2 {B94: Sicilian Najdorf: 6 Bg5 Nbd7} (7. Bc4 h6 8. Bh4 g6 9. Qe2 Bg7 10. O-O-O O-O 11. Bb3 Qc7 12. Kb1 Rb8 13. f4 e5 14. fxe5 dxe5 15. Nf3 b5 16. g4 {1-0 (61) Nepomniachtchi,I (2751)-Korobov,A (2678) Poikovsky 2018}) 7... h6 8. Bh4 g6 9. f4 e5 10. fxe5 dxe5 11. O-O-O {LiveBook: 74 Games} Qc7 12. Nb3 b5 13. Kb1 Bg7 14. g4 {[#]} O-O $146 ({Predecessor:} 14... Nb6 15. Bxf6 Bxf6 {1-0 (63) Frolyanov,D (2555)-Kulaots,K (2568) Iasi 2016}) 15. g5 hxg5 16. Bxg5 Nb6 (16... b4 $1 $11 {keeps the balance.} 17. Nd5 Nxd5 18. exd5 a5) 17. Bxf6 $1 $16 Bxf6 18. h4 {[%cal Bh2h4,Bh4h5][%mdl 32]} b4 19. Nd5 $36 {[%mdl 2048] White is on the roll.} Nxd5 20. exd5 Bf5 {[#]} (20... Rd8 $16) 21. Bh3 $1 $18 {[%cal Rh3f5]} Bxh3 22. Rxh3 Rac8 23. h5 Qc4 $2 (23... g5 $16 24. Qe4 Qc4) 24. Qg2 g5 25. Na5 Qc5 26. Nc6 Qd6 {Threatens to win with ...Rxc6!} 27. Rf1 Bd8 28. Rg3 f6 {[%cal Bf7f6,Bf6f5,Bf5f4][%mdl 32] [#]} 29. Qe4 $2 (29. Rgf3 $1 $18) 29... f5 $1 $11 {[%cal Rf5e4]} 30. Qg2 f4 31. Rxg5+ (31. Rd3 $16) 31... Bxg5 {The position is equal.} 32. Qxg5+ Kh7 $1 33. Nxe5 {Hoping for Rg1.} Qf6 34. Qg2 {Black must now prevent Nd7.} Qxe5 35. Qg6+ Kh8 36. Qh6+ Kg8 37. Rg1+ Kf7 {And now ...Rg8 would win.} 38. Rg7+ Ke8 {[%cal Re5e1]} 39. Qg6+ Kd8 {[%cal Re5e1]} 40. Qb6+ Ke8 {[%cal Re5e1]} 41. Qg6+ {Precision: White = 73%, Black = 48%.} 1/2-1/2

[Event "Polugaevsky Memorial 2018"]
[Site "Samara"]
[Date "2018.07.16"]
[Round "7"]
[White "Matinian, Nikita"]
[Black "Salman, Pavel"]
[Result "1-0"]
[WhiteElo "2510"]
[BlackElo "2272"]
[Annotator "ChessBase"]
[PlyCount "57"]
[EventDate "2018.07.10"]
[EventType "swiss"]
[EventCountry "RUS"]
[SourceTitle "playchess.com"]
[Source "ChessBase"]
[SourceQuality "1"]
[TimeControl "40/5400+30:1800+30"]

1. e4 {[%emt 0:00:00]} c5 {[%emt 0:00:00]} 2. Nf3 {[%emt 0:00:00]} e6 {[%emt 0:00:00]} 3. d4 {[%emt 0:00:00]} cxd4 {[%emt 0:00:02]} 4. Nxd4 {[%emt 0:00:00]} a6 {[%emt 0:00:05]} 5. Nc3 {[%emt 0:00:00]} Qc7 {[%emt 0:00:15]} 6. Be2 {[%emt 0:00:03]} Nf6 {[%emt 0:00:39]} 7. O-O {[%emt 0:00:31]} Be7 {[%emt 0:00:23]} 8. f4 {[%emt 0:00:17]} d6 {[%emt 0:00:28]} 9. Be3 {[%emt 0:00:04]} O-O {[%emt 0:00:12]} 10. g4 {[%emt 0:00:32]} Nc6 {[%emt 0:15:39]} 11. g5 {[%emt 0:00:22]} Nd7 {[%emt 0:01:57]} 12. f5 {[%emt 0:00:20]} Nxd4 {[%emt 0:09:17]} 13. Qxd4 {[%emt 0:00:13]} Re8 {[%emt 0:04:41]} 14. Rad1 {[%emt 0:02:26]} Bf8 {[%emt 0:02:35]} 15. fxe6 {[%emt 0:15:29]} fxe6 {[%emt 0:00:39]} 16. Nd5 {[%emt 0:03:13]} Qd8 {[%emt 0:17:00]} 17. Nf6+ {[%emt 0:02:56]} Nxf6 {[%emt 0:02:00]} 18. gxf6 {[%emt 0:00:04]} gxf6 {[%emt 0:00:06]} 19. e5 {[%emt 0:04:42]} f5 {[%emt 0:07:03]} 20. Kh1 {[%emt 0:04:21]} Kh8 {[%emt 0:08:03]} 21. Rg1 {[%emt 0:06:00]} Qd7 {[%emt 0:14:38]} 22. Bf3 {[%emt 0:24:18]} Bg7 {[%emt 0:05:32]} 23. Rxg7 {[%emt 0:02:27]} Qxg7 {[%emt 0:02:22]} 24. Rg1 {[%emt 0:00:22]} dxe5 {[%emt 0:01:18]} 25. Qh4 {[%emt 0:00:24]} Qxg1+ {[%emt 0:01:01]} 26. Kxg1 {[%emt 0:00:19]} Rg8+ {[%emt 0:01:19]} 27. Kf2 {[%emt 0:00:05]} f4 {[%emt 0:00:21]} 28. Qf6+ {[%emt 0:00:05]} Rg7 {[%emt 0:00:03]} 29. Bc5 {[%emt 0:00:11]} 1-0

[Event "Polugaevsky Memorial 2018"]
[Site "Samara"]
[Date "2018.07.16"]
[Round "7"]
[White "Drygalov, Andrey"]
[Black "Burmakin, Vladimir"]
[Result "1-0"]
[WhiteElo "2439"]
[BlackElo "2490"]
[Annotator "TA"]
[PlyCount "77"]
[EventDate "2018.07.10"]
[EventType "swiss"]
[EventCountry "RUS"]
[SourceTitle "playchess.com"]
[Source "ChessBase"]
[SourceQuality "1"]

{[%evp 13,77,52,54,54,62,45,85,87,85,96,97,84,105,92,111,62,70,65,73,45,96,47,40,36,64,39,83,56,140,142,181,177,172,180,185,175,214,197,197,189,334,262,249,243,253,229,287,272,270,277,314,312,358,354,429,425,423,403,510,442,529,522,581,578,653,645]} 1. e4 d5 2. exd5 Qxd5 3. Nc3 Qd6 4. d4 Nf6 5. Nf3 c6 6. Ne5 Be6 {B01: Scandinavian Defence} 7. Bf4 Qd8 {LiveBook: 29 Games} 8. h4 $146 ({Predecessor:} 8. Qd2 Nbd7 9. O-O-O g6 10. Bc4 Bxc4 11. Nxc4 Bg7 12. Rhe1 O-O 13. Bh6 Nb6 14. Ne5 {0-1 (88) Lu,S (2611)-Maghsoodloo,P (2501) Guilan 2016}) 8... Nbd7 {White is slightly better.} 9. h5 Nb6 10. Qd2 Nbd5 11. Nxd5 Nxd5 12. Bg3 Nf6 13. f3 Nd7 14. Nd3 {[%cal Be5d3,Bd3c5,Bc5a6,Ba6c7][%mdl 32]} Bc4 15. h6 gxh6 16. Bf4 Nf6 (16... Bg7 $14) 17. Nc5 Bxf1 18. Rxf1 Qd5 19. Be5 {[%mdl 1024] White has compensation.} Bg7 20. Qe2 b5 ({Black should try} 20... b6 $14 21. c4 Qd8) 21. Na6 $16 Rc8 {[#]} 22. Nc7+ $1 Rxc7 23. Bxc7 $40 {[%mdl 128] White wants a kill.} Nd7 24. c3 Bf6 25. Qe4 Qc4 26. Ba5 e5 (26... Rg8 $142) 27. b3 Qe6 28. O-O-O {And now dxe5 would win.} exd4 29. cxd4 O-O 30. Qxe6 fxe6 31. Kb1 Kf7 32. Rf2 h5 33. Rc2 Rc8 {[#]} 34. d5 $1 {[%mdl 512]} exd5 {[#]} (34... cxd5 35. Rxc8) 35. Rxd5 $1 {[%mdl 512]} Ne5 {[#]} (35... cxd5 36. Rxc8) 36. Rxb5 $1 {[%mdl 512] White is clearly winning.} Re8 (36... cxb5 37. Rxc8) 37. Rb7+ Kg6 38. Re2 Ra8 39. Bc3 {Precision: White = 74%, Black = 37%.} 1-0

[Event "Polugaevsky Memorial 2018"]
[Site "Samara"]
[Date "2018.07.16"]
[Round "7"]
[White "Lugovskoy, Maxim"]
[Black "Kotlyar, Kirill"]
[Result "1-0"]
[WhiteElo "2391"]
[BlackElo "2407"]
[Annotator "ChessBase"]
[PlyCount "81"]
[EventDate "2018.07.10"]
[EventType "swiss"]
[EventCountry "RUS"]
[SourceTitle "playchess.com"]
[Source "ChessBase"]
[SourceQuality "1"]
[TimeControl "40/5400+30:1800+30"]

1. e4 {[%emt 0:00:00]} c5 {[%emt 0:00:00]} 2. Nf3 {[%emt 0:00:00]} Nc6 {[%emt 0:00:00]} 3. Bb5 {[%emt 0:01:26]} e6 {[%emt 0:00:35]} 4. c3 {[%emt 0:00:58]} Nge7 {[%emt 0:05:42]} 5. O-O {[%emt 0:03:24]} a6 {[%emt 0:00:09]} 6. Ba4 {[%emt 0:01:14]} b5 {[%emt 0:00:09]} 7. Bc2 {[%emt 0:00:04]} d5 {[%emt 0:00:13]} 8. d4 {[%emt 0:03:26]} cxd4 {[%emt 0:11:05]} 9. Nxd4 {[%emt 0:08:37]} Nxd4 {[%emt 0:05:53]} 10. Qxd4 {[%emt 0:01:36]} Bb7 {[%emt 0:14:28]} 11. e5 {[%emt 0:05:01]} Nc6 12. Qf4 {[%emt 0:00:24]} f6 {[%emt 0:10:36]} 13. Qg4 {[%emt 0:07:36]} f5 {[%emt 0:00:40]} 14. Qg3 {[%emt 0:00:40]} Qc7 {[%emt 0:01:37]} 15. Bf4 {[%emt 0:03:01]} O-O-O {[%emt 0:00:34]} 16. a4 {[%emt 0:01:47]} b4 {[%emt 0:03:38]} 17. Nd2 {[%emt 0:00:18]} bxc3 {[%emt 0:09:44]} 18. bxc3 {[%emt 0:00:41]} h6 19. Qg6 {[%emt 0:02:34]} Qd7 {[%emt 0:05:04]} 20. Rab1 {[%emt 0:00:39]} Qe8 {[%emt 0:07:51]} 21. Qxe8 {[%emt 0:00:08]} Rxe8 22. h4 g5 {[%emt 0:06:39]} 23. Be3 {[%emt 0:09:07]} Rg8 {[%emt 0:02:52]} 24. Rb6 {[%emt 0:02:24]} f4 {[%emt 0:09:32]} 25. Bd4 {[%emt 0:00:35]} Nxd4 {[%emt 0:00:05]} 26. cxd4 {[%emt 0:00:02]} a5 {[%emt 0:01:22]} 27. Bd3 {[%emt 0:09:11]} Bb4 {[%emt 0:01:16]} 28. Nb3 {[%emt 0:02:16]} Rg7 {[%emt 0:01:24]} 29. hxg5 {[%emt 0:02:41]} hxg5 {[%emt 0:00:12]} 30. Bb5 {[%emt 0:00:37]} Ree7 {[%emt 0:01:05]} 31. Rc1+ {[%emt 0:03:40]} Kb8 {[%emt 0:01:00]} 32. Nc5 {[%emt 0:00:08]} Ka7 {[%emt 0:00:11]} 33. Rd6 {[%emt 0:02:01]} Rg6 {[%emt 0:00:26]} 34. Nd7 {[%emt 0:08:38]} Rh7 {[%emt 0:02:25]} 35. Rc7 {[%emt 0:00:45]} Bxd6 {[%emt 0:00:05]} 36. exd6 {[%emt 0:00:02]} Rgh6 {[%emt 0:00:13]} 37. Kf1 {[%emt 0:00:42]} Ka8 {[%emt 0:00:12]} 38. Bd3 {[%emt 0:01:59]} Rh8 {[%emt 0:01:23]} 39. Nc5 {[%emt 0:00:08]} Rb8 {[%emt 0:00:19]} 40. Bb5 {[%emt 0:00:00]} Ka7 {[%emt 0:00:00]} 41. Bc6 1-0

[Event "Polugaevsky Memorial 2018"]
[Site "Samara"]
[Date "2018.07.16"]
[Round "7"]
[White "Karpeshov, Oleg"]
[Black "Fedorov, Alexey A"]
[Result "0-1"]
[WhiteElo "2333"]
[BlackElo "1399"]
[Annotator "NA"]
[PlyCount "84"]
[EventDate "2018.07.10"]
[EventType "swiss"]
[EventCountry "RUS"]
[SourceTitle "playchess.com"]
[Source "ChessBase"]
[SourceQuality "1"]
[TimeControl "40/5400+30:1800+30"]

1. e4 {[%emt 0:00:00]} c5 {[%emt 0:00:00]} 2. Nf3 {[%emt 0:00:00]} Nc6 {[%emt 0:00:00]} 3. Bb5 {[%emt 0:00:00]} e6 {[%emt 0:00:06]} 4. O-O {[%emt 0:00:09]} Nge7 {[%emt 0:00:10]} 5. d4 {[%emt 0:00:14]} cxd4 {[%emt 0:00:26]} 6. Nxd4 {[%emt 0:00:09]} Ng6 {[%emt 0:01:41] B30: Sicilian: 2...Nc6 3 Bb5, lines without ...g6} (6... Qb6 7. Nxc6 bxc6 8. Bd3 Ng6 9. c4 Be7 10. Nc3 O-O 11. Na4 Qc7 12. c5 d5 13. cxd6 Bxd6 14. g3 c5 {1-0 (27) Caruana,F (2811)-Lenic,L (2662) chess.com INT 2018}) 7. Be3 {[%emt 0:00:43]} Be7 {[%emt 0:05:17]} 8. Be2 {[%emt 0:01:59]} O-O {[%emt 0:02:20] LiveBook: 20 Games} 9. c4 {[%emt 0:00:44]} d6 {[%emt 0:00:34]} 10. Nc3 {[%emt 0:01:08]} Bd7 {[%emt 0:00:59]} 11. Qd2 {[%emt 0:01:59]} Nxd4 $146 {[%emt 0:10:40]} ({Predecessor:} 11... a6 12. Rfd1 Rc8 13. Nb3 Nb8 14. f4 {1-0 (42) Lenic,L (2662)-Alekseenko,K (2594) chess.com INT 2018}) 12. Qxd4 {[%emt 0:02:32]} Qb8 {[%emt 0:03:04]} 13. Qd2 {[%emt 0:01:23]} Rd8 {[%emt 0:01:51]} 14. f4 {[%emt 0:02:31]} Bc6 {[%emt 0:01:58]} 15. Rac1 {[%emt 0:09:51]} b6 {[%emt 0:05:34]} 16. f5 {[%emt 0:14:42]} Ne5 {[%emt 0:06:51]} 17. Bg5 {[%emt 0:01:25]} Qb7 {[%emt 0:09:17]} 18. f6 {[%emt 0:06:04]} gxf6 {[%emt 0:01:25]} 19. Bxf6 {[%emt 0:00:08]} Bxf6 {[%emt 0:08:21]} 20. Rxf6 {[%emt 0:00:10]} Kh8 {[%emt 0:07:36]} 21. Rcf1 {[%emt 0:05:25]} Rd7 {[%emt 0:01:04]} 22. Qd4 {[%emt 0:11:17]} Rg8 {[%emt 0:01:32]} 23. h4 {[%emt 0:01:17]} Qc7 {[%emt 0:06:52]} 24. b4 {[%emt 0:00:40]} Rg6 {[%emt 0:02:42]} 25. R6f4 {[%emt 0:06:41]} Kg8 {[%emt 0:03:28]} 26. Qe3 {[%emt 0:05:19]} Qd8 {[%emt 0:04:47]} 27. h5 {[%emt 0:00:55]} Rg7 $11 {[%emt 0:02:04]} 28. Rf6 {[%emt 0:03:27]} Qe7 29. Qh3 {[%emt 0:06:46]} Rd8 {[%emt 0:07:24]} 30. Qh4 {[%emt 0:17:29]} Kh8 {[%emt 0:00:56]} 31. h6 Rg6 {[%emt 0:00:49]} 32. g3 {[%emt 0:04:00]} Rxf6 {[%emt 0:02:50]} 33. Rxf6 {[%emt 0:01:22]} Rg8 {[%emt 0:00:25]} 34. Kf2 {[%emt 0:00:30]} Rg6 {[%emt 0:03:14]} 35. Rf4 {[%emt 0:00:30]} Qxh4 {[%emt 0:01:41]} 36. Rxh4 {[%emt 0:00:07]} Kg8 {[%emt 0:00:23]} 37. c5 {[%emt 0:01:14]} dxc5 {[%emt 0:00:33]} 38. bxc5 {[%emt 0:00:07]} bxc5 {[%emt 0:00:28]} 39. Rh5 {[%emt 0:00:21]} f6 {[%emt 0:00:33]} 40. Rh1 {[%emt 0:00:00]} Kf8 {[%emt 0:00:00]} 41. Rh4 {[%emt 0:01:30]} Ke7 {[%emt 0:03:24]} 42. Bh5 {[%emt 0:00:15]} Rxh6 {[%emt 0:01:00]} 0-1